00513nam a2200169 a 450000500170000000800410001702000180005805000250007610000280010124500510012926000290018030000310020944000170024052100070025765000340026465000450029820140311163037.0111109s19uu xx 00 eng d a9789713704054 aT 385 b.J399 2011  aJemma Development Group aMS Powerpoint 2010 /cJemma Development Group. as.l :bJemma Inc,c2011. a135 p. : bill. ; c25 cm. aVisual Guide aIT aPresentation graphic software aMicrosoft Powerpoint (Computer software)